Normal view
MARC view
Entry Topical Term
001 - CONTROL NUMBER
- control field: 10715
003 - CONTROL NUMBER IDENTIFIER
- control field: OSt
005 - DATE AND TIME OF LATEST TRANSACTION
- control field: 20160816152052.0
008 - FIXED-LENGTH DATA ELEMENTS
- fixed length control field: 160816|| aca||aabn | a|a d
040 ## - CATALOGING SOURCE
- Original cataloging agency: OSt
- Transcribing agency: OSt
150 ## - HEADING--TOPICAL TERM
- Topical term or geographic name entry element: Medicinal plants
- Geographic subdivision: Africa, Sub-Saharan
- General subdivision: Composition
- General subdivision: Congresses.
670 ## - SOURCE DATA FOUND
- Source citation: Work cat.: (OSt)5005: International IOCD--Symposium (1st : 1996 : Victoria Falls, Zimbabwe) 10714, Chemistry, biological, and pharmacological properties of African medicinal plants :, 1996.
